Flagi z PRZESZŁOŚCI! (TRUDNE) - Statystyki

Ogólne statystyki
  • Ten quiz został rozwiązany 290 razy
    96 od ostatniego zresetowania
  • Średni wynik to 5 z 55
Statystyki odpowiedzi
Obrazkowy Odpowiedź % Poprawnych
Tybet
58%
Gdańsk
53%
Imperium Osmańskie
51%
Wietnam Południowy
30%
Mandżukuo
28%
Afganistan
23%
Benin
20%
Birma
19%
Rodezja
19%
Timurydzi
19%
Jemen Południowy
15%
Biafra
9%
Chanat Kazachski
9%
Czechosłowacja
9%
Tannu Tuwa
9%
Transwal
9%
Dahomej
8%
Orania
8%
Peru
8%
Abchazja
7%
Kirgistan
5%
Riukiu
5%
Zjednoczona Republika Arabska
5%
Królestwo Neapolu
4%
Republika Natalii
4%
Salwador
4%
Vietcong
4%
Republika Batawska
3%
Sarawak
3%
Cisplatina
1%
Gwatemala
1%
Kasai Południowe
1%
Księstwo Kurlandii i Semigalii
1%
Libia
1%
Tunezja
1%
Federacja Indii Zachodnich
0%
Floryda Zachodnia
0%
Grenada
0%
Konfederacja Granady
0%
Kostaryka
0%
Królestwo Araukanii i Patagonii
0%
Królestwo Galicji i Lodomerii
0%
Księstwo Antiochii
0%
Księstwo Szlezwiku
0%
Lubeka
0%
Powiernicze Wyspy Pacyfiku
0%
Republika Banacka
0%
Republika Tajwanu
0%
Republika Transpadańska
0%
Ruska Ludowa Republika Łemków
0%
Sedang
0%
Stellaland
0%
Tongatapu
0%
Zakaukaska Republika Demokratyczna
0%
Zanzibar
0%
Nie znaleziono quizów pasujących do podanych kryteriów
Rozkład punktacji
Procent ludzi z każdym wynikiem
Percentyl według liczby udzielonych odpowiedzi
Twoja historia wyników
Nie rozwiązałeś tego quizu od ostatniego zresetowania